[Event "La Zubia op"]
[Site "La Zubia"]
[Date "2023.12.10"]
[Round "7"]
[White "Jimenez Ruiz, Miguel"]
[Black "Castillo Rodriguez, Angel Luis"]
[Result "0-1"]
[WhiteElo "1467"]
[BlackElo "2057"]
[PlyCount "58"]
[EventDate "2023.12.07"]
[EventType "swiss"]
[EventRounds "7"]
[EventCountry "ESP"]
[SourceTitle "CB50_2023"]
[SourceDate "2023.12.13"]
[SourceVersion "1"]
[SourceVersionDate "2023.12.13"]
[SourceQuality "1"]

1. d4 Nf6 2. Nf3 b6 3. e3 Bb7 4. Bd3 g6 5. 0-0 Bg7 6. b3 c5 7. Bb2 Qc7 8. Nbd2 Nc6 9. a3 0-0 10. c4 cxd4 11. exd4 d5 12. Ne5 Rfd8 13. Ndf3 Rac8 14. Qe2 Na5 15. Nd2 e6 16. b4 Nxc4 17. Ndxc4 dxc4 18. Bxc4 Qd6 19. Bd3 Rc7 20. Rac1 Rdc8 21. Qe3 Nd5 22. Qg3 Nf6 23. f4 Rxc1 24. Rxc1 Rxc1+ 25. Bxc1 Qxd4+ 26. Be3 Qa1+ 27. Kf2 Qxa3 28. b5 Nh5 29. Qh4 Bf6 0-1